L'Autonomia de Catalunya i la Universitat / conferència donada pel Dr. August Pi Suñer a l'Ateneu Barcelonés el dia 23 de desembre de 1918

por Pi i Sunyer, August, 1879-1965

Publicado: Barcelona : (Imp. de Francesc X. Altés i Alabart) , 1919
Descripción Física: 17 p. ; 21 cm

MARC

LEADER 00000nam a2200000Ia 4500
001 12319
008 160829s1919 xx 000 0 cat d
080 |a RF-8-28 
100 1 |a Pi i Sunyer, August,   |d 1879-1965  |9 29043 
245 |a L'Autonomia de Catalunya i la Universitat / conferència donada pel Dr. August Pi Suñer a l'Ateneu Barcelonés el dia 23 de desembre de 1918 
260 |a Barcelona :  |b (Imp. de Francesc X. Altés i Alabart),  |c 1919 
300 |a 17 p. ;  |c 21 cm 
590 |a Prové de 2907 
650 |a Universitat de Barcelona  |x Privilegis i immunitats   |9 46832 
650 |a Ensenyament universitari  |x Catalunya  |9 46833 
650 0 |a Ateneu Barcelonès   |9 33574 
856 4 |u https://media.diba.cat/diba/fitxers/arxiu/fulletons/bib_12319_1919_baixa.pdf  |y Accés lliure 
856 4 |u https://media.diba.cat/diba/fitxers/arxiu/fulletons/bib_12319_1919_baixa.pdf  |y Accés lliure 
901 |a Arxiu 
942 |n 1  |2 udc 
952 |0 0  |1 0  |4 0  |6 RF828  |7 1  |9 53478  |a Arxiu  |b Arxiu  |d 2016-12-01  |l 0  |o RF-8-28  |p 12319  |r 2016-12-01 00:00:00  |w 2016-12-01  |y ARXIU 
999 |c 57344  |d 57344 
900 |a bib_12319_1919_baixa.pdf